SEC Quiz - Statistics

General Stats
  • This quiz has been taken 11 times
  • The average score is 14 of 16
Answer Stats
Team Names Answer % Correct
Crimson Tide Alabama
100%
Gators Florida
100%
Bulldogs Georgia
100%
Sooners Oklahoma
100%
Volunteers Tennessee
100%
Longhorns Texas
100%
Aggies Texas A&M
100%
Razorbacks Arkansas
91%
Tigers Auburn
91%
Tigers Louisiana State
91%
Rebels Ole Miss
91%
Gamecocks South Carolina
91%
Commodores Vanderbilt
82%
Bulldogs Mississippi State
73%
Tigers Missouri
73%
Wildcats Kentucky
64%
No matching quizzes found
Score Distribution
Percent of People with Each Score
Percentile by Number Answered
Your Score History
You have not taken this quiz